000 00211 a2200097 4500
001 42907
100 _aAhmad J
245 _aCreation of Pakistan
260 _aLahore
_bPub united ltd
_c
090 _c26792
_d26792
942 _aNUST-CAE
_cM
_c18660
999 _c277980
_d277980